La constitución nacional

Guardado en:
Formato: Libro
Publicado: Buenos Aires : Estrada, 1999
Materias:
Etiquetas: Agregar Etiqueta
Sin Etiquetas, Sea el primero en etiquetar este registro!
LEADER 01251nam a22002055a 4500
001 CEM.cems010361
005 20080228114828.0
008 130507s1999##################000#0#####d
003 CEMS
020 |a 9500107503 
082 0 4 |a Z342.82 
245 0 0 |a La constitución nacional 
260 |a Buenos Aires :  |b Estrada,  |c 1999 
300 |a 95 p. 
500 |a Con comentarios y propuestas de trabajo para estudiantes Textos explicativos y propuestas de actividades de Isabelino A. Siede 
505 0 |a Qué es una constitución -- Ls constituciones a lo largo de la historia -- Las partes de la Constitución -- Las reformas constitucionales -- Preámbulo -- Declaraciones, derechos y garantías -- Nuevos derechos y garantías -- Autoridades de la Nación -- Gobierno Federal -- Del Poder Legislativo -- De la Cámara de Diputados -- Del Senado -- Disposiciones comunes a ambas Cámaras -- Atribuciones del Congreso -- De la formación y sanción de leyes -- De la auditoría general de la Nación -- Del defensor del pueblo 
653 |a Constitución argentina 
653 |a Constitución 
859 |a CEMS  |b BIB. CEMS - 11 de abril  |h Z342.82  |i Ar37-4  |p 20765.00  |t Ej.1  |v 1999  |3 1999 
859 |a CEMS  |b BIB. CEMS - 11 de abril  |h Z342.82  |i Ar37-4  |p 20766.00  |t Ej.2  |v 1999  |3 1999